Espíritu de la prensa chilena: colección de artículos escojidos de la misma desde el principio de la Revolución hasta la época presente.
Saved in:
| 主要作者: | |
|---|---|
| 格式: | 圖書 |
| 語言: | 西班牙语 |
| 出版: |
Santiago, Chile
Imprenta del Comercio.
1847
|
| 主題: | |
| 標簽: |
添加標簽
沒有標簽, 成為第一個標記此記錄!
|
MARC
| LEADER | 00000nam a2200000 a 4500 | ||
|---|---|---|---|
| 001 | UCJ5221 | ||
| 003 | CL-VaPUC | ||
| 005 | 20240531152428.0 | ||
| 008 | 070124e18470300CL |||||||||||||||||spa|d | ||
| 999 | |c 321334 |d 321332 | ||
| 040 | |c Pontificia Universidad Católica de Valparaíso | ||
| 082 | 0 | 4 | |a 983 GOD 1847 |2 21 |
| 100 | 0 | |a Godoy, Pedro |9 506217 | |
| 245 | 1 | 0 | |a Espíritu de la prensa chilena: colección de artículos escojidos de la misma desde el principio de la Revolución hasta la época presente. |
| 260 | 0 | 3 | |a Santiago, Chile |b Imprenta del Comercio. |c 1847 |
| 300 | |a 2 volúmenes. | ||
| 500 | |a Medina, en su Diccionario de Anónimos y Pseudónimos aclara las iniciales P. G. como pertenecientes a Pedro Godoy | ||
| 583 | |a last modification |c 20070124 00:00:00 |k Rodrigo Vera | ||
| 600 | 0 | |a Salas, Manuel de |9 443666 | |
| 600 | 0 | 7 | |a MARTINEZ DE ROSAS, JUAN |2 CL-VaPUC |9 443672 |
| 600 | 0 | |a Henríquez, Camilo |9 337912 | |
| 600 | 0 | 7 | |a FERNANDEZ, MANUEL |2 CL-VaPUC |9 510135 |
| 600 | 0 | 7 | |a VIAL SANTELICES, AGUSTIN |2 CL-VaPUC |9 510136 |
| 600 | 0 | 7 | |a GANDARILLAS, MANUEL |2 CL-VaPUC |9 504224 |
| 600 | 0 | |a Irisarri, Antonio José de |d 1786-1868 |9 444606 | |
| 600 | 0 | 7 | |a VERA, BERNARDO |2 CL-VaPUC |9 510137 |
| 650 | 0 | |a Prensa y periodismo |z Chile |9 504409 | |
| 650 | 7 | |a REVOLUCION DE LA INDEPENDENCIA |2 CL-VaPUC |9 316035 | |
| 650 | 0 | |a Poesía |9 265825 | |
| 650 | 0 | |a Libertad de prensa |9 255610 | |
| 650 | 7 | |a HACIENDA |2 CL-VaPUC |9 342348 | |
| 650 | 0 | |a Moneda |9 342365 | |
| 650 | 0 | |a Aborígenes |9 329972 | |
| 650 | 0 | |a Iglesia y Estado |9 254995 | |
| 650 | 0 | |a Esclavitud |9 323605 | |
| 650 | 7 | |a EMBLEMAS PATRIOS |2 CL-VaPUC |9 510138 | |
| 650 | 7 | |a BANDERA CHILENA |2 CL-VaPUC |9 510139 | |
| 650 | 0 | |a Educación |9 258661 | |
| 650 | 0 | |a Historia de Chile |9 265473 | |
| 942 | |c BK |2 ddc | ||
| 945 | |d 20070124 00:00:00 |a rinostro | ||
| 952 | |0 0 |1 0 |4 0 |6 983_000000000000000_GOD_1847 |7 0 |8 X |9 400046 |a FDOBUD |b FDOBUD |d 2019-11-22 |h v.1 |i 1031457 |o 983 GOD 1847 |p 1031457 |r 2019-11-22 |t 1 |w 2019-11-22 |y BK_X |k BUD | ||
| 952 | |0 0 |1 0 |4 0 |6 983_000000000000000_GOD_1847 |7 0 |8 X |9 400047 |a FDOBUD |b FDOBUD |d 2019-11-22 |h v.2 |i 1031465 |o 983 GOD 1847 |p 1031465 |r 2019-11-22 |t 1 |w 2019-11-22 |y BK_X |k BUD | ||